| 000 | 00518cam a2200145 4500500 | ||
|---|---|---|---|
| 005 | 20251228082840.0 | ||
| 041 | _afre | ||
| 042 | _adc | ||
| 100 | 1 | 0 |
_aFournier, Jean-Marie _eauthor |
| 245 | 0 | 0 | _aCrise de langue et conscience linguistique : la question de la règle des 24 heures |
| 260 | _c2004. | ||
| 500 | _a56 | ||
| 786 | 0 | _nDix-septième siècle | 223 | 2 | 2004-06-01 | p. 251-264 | 0012-4273 | |
| 856 | 4 | 1 | _uhttps://shs.cairn.info/revue-dix-septieme-siecle-2004-2-page-251?lang=fr&redirect-ssocas=7080 |
| 999 |
_c1599917 _d1599917 |
||